[Event "54th Rubinstein Memorial-A 2018"]
[Site "Polanica-Zdroj"]
[Date "2018.08.25"]
[Round "8"]
[White "Bukojemski, Adam"]
[Black "Klepek, Witold"]
[Result "1/2-1/2"]
[WhiteElo "2233"]
[BlackElo "2139"]
[Annotator "TA"]
[PlyCount "174"]
[EventDate "2018.08.18"]
[EventType "swiss"]
[EventCountry "POL"]
[SourceTitle "playchess.com"]
[Source "ChessBase"]
[SourceQuality "1"]

{[%evp 24,174,14,21,16,13,37,27,22,38,33,31,31,35,31,36,41,37,47,6,3,7,10,10,35,25,46,54,118,105,107,117,160,167,167,163,152,124,124,99,123,125,118,122,160,165,225,126,174,182,263,263,255,147,135,139,137,139,126,129,132,96,88,0,125,138,130,136,118,118,130,121,129,103,143,146,147,159,166,152,152,137,165,152,168,53,59,22,22,22,33,33,33,33,109,109,109,109,109,109,109,109,109,109,109,109,109,109,109,109,109,109,109,0,109,109,109,8,109,109,109,109,109,109,109,109,1364,33,48,48,109,109,109,109,109,109,109,109,109,109,109,0,109,109,109,8,8,8,8,8,8,8,8]} 1. e4 e6 2. d4 d5 3. Nc3 Nf6 4. e5 Nfd7 5. f4 c5 6. Nf3 Nc6 7. Be3 a6 8. Qd2 b5 9. dxc5 Bxc5 10. Bd3 {C11: Französische Verteidigung} (10. Ne2 O-O 11. Ned4 Qb6 12. c3 b4 13. Bd3 a5 14. O-O Ba6 15. Kh1 Bxd3 16. Qxd3 Qa6 17. Qc2 bxc3 18. bxc3 {½-½ (31) Dominguez Perez,L (2739)-So,W (2788) Saint Louis 2017}) 10... Qb6 11. Bf2 Bxf2+ 12. Qxf2 Qxf2+ 13. Kxf2 {LiveBook: 31 Partien} f6 14. exf6 gxf6 15. f5 Nc5 16. fxe6 Bxe6 17. Rhe1 Kf7 18. a3 $146 b4 19. Ne2 bxa3 20. Rxa3 Rab8 21. Rc3 Nxd3+ 22. cxd3 Rhc8 23. Rec1 Ne7 24. b3 Bf5 25. Nfd4 Bg6 (25... Rxc3 $14 26. Rxc3 Rc8) 26. Nf4 Rxc3 27. Rxc3 Rc8 28. Rxc8 Nxc8 $16 {[%mdl 4096] Endspiel KLS-KSS} 29. Ke3 ({Keinesfalls} 29. Nxd5 $6 Bxd3 30. Nb4 Bb5 $16) 29... Ne7 30. Kd2 Ke8 31. Nde6 Bf7 32. Nc7+ Kd7 33. Nxa6 Nc6 34. b4 Kd6 (34... d4 {war einen Versuch wert.} 35. b5 Na5) 35. Ne2 (35. b5 $18) 35... Be6 36. Kc3 Ke5 (36... Na7 $142 37. Nd4 Bd7) 37. d4+ $1 $18 Kd6 38. Nc5 ({Der einzige Zug:} 38. b5 $18) 38... Bg4 $16 39. Ng3 Na7 40. h3 Nb5+ 41. Kd3 Bc8 42. Ke3 Na3 43. Kd3 Nb5 44. Na4 Na3 45. Nc3 $1 Ba6+ 46. Kd2 Nc4+ 47. Ke2 Na3+ 48. Kf2 Ke6 49. Nh5 Bc4 50. Ng7+ $1 Kd7 51. Nf5 $1 Nc2 52. b5 Bd3 53. Ne3 Nxd4 54. Nexd5 ({Weiss braucht} 54. b6 $1 $18) 54... Nxb5 $14 55. Nxb5 (55. Nxf6+ {is more complex.} Ke6 56. Nfd5 Ke5 57. Nb4 Bc4 58. Nc6+) 55... Bxb5 56. Nxf6+ $16 {KL-KS} Ke6 $1 {[%cal Re6f6]} 57. Nxh7 Kf5 $1 58. h4 Kg4 (58... Bc6 $1 $14) 59. g3 Bc4 60. Nf6+ Kf5 61. Nh5 Bf7 62. Nf4 Be8 63. Nd5 Ke5 64. Ne3 {Droht Kf3 und aus.} Ke4 65. Nf1 Bh5 66. Nh2 {g4 ist eine echte Drohung.} Bd1 67. Kg2 Be2 68. Kf2 Bd1 $1 69. Ke1 Bb3 {[#]} 70. Ke2 (70. Kf1 $1 $16) 70... Bc4+ {[#]} (70... Be6 $1 $11 {bleibt in der Remisbreite.}) 71. Kf2 $1 Bb3 72. Nf3 {Droht stark Sd2+.} Ba4 73. Nd2+ Kf5 74. Nc4 Bc6 $2 {[%mdl 8192]} (74... Bb3 $16) 75. Kg1 $2 (75. Ne3+ $18 Ke5 76. Ke2) 75... Kg4 $14 76. Kh2 Ba4 (76... Ba8 $14) 77. Ne5+ $16 Kf5 78. Nd3 Kg4 79. Kg2 Bc6+ 80. Kf2 {Und weiter mit Se5+ wäre nett.} Ba4 81. Ne5+ Kf5 82. Nf3 Ke4 $1 83. Ne1 {Schwarz muss nun h5 beachten.} Bb3 84. h5 (84. Kg1 $16) 84... Kf5 $11 {Die Stellung ist ausgeglichen.} 85. Nf3 {zielt auf Sd4+ ab.} Kg4 86. h6 Bg8 87. Ne5+ Kg5 {Precision: Weiß = 61%, Schwarz = 63%.} 1/2-1/2

[Event "54th Rubinstein Memorial-A 2018"]
[Site "Polanica-Zdroj"]
[Date "2018.08.25"]
[Round "8"]
[White "Lapaj, Mateusz"]
[Black "Walkusz, Witoslaw"]
[Result "1-0"]
[WhiteElo "2198"]
[BlackElo "2121"]
[Annotator "TA"]
[PlyCount "79"]
[EventDate "2018.08.18"]
[EventType "swiss"]
[EventCountry "POL"]
[SourceTitle "playchess.com"]
[Source "ChessBase"]
[SourceQuality "1"]

{[%evp 9,79,73,83,83,83,87,85,80,85,80,80,83,86,72,72,76,103,93,254,216,380,402,508,310,305,310,374,365,364,322,768,412,29994,722,29995,710,782,782,747,744,761,748,747,730,806,794,920,916,893,908,906,891,877,870,765,727,1053,1315,2615,2554,2314,2248,2237,2083,2157,2067,29968,7934,29964,5895,2901,2332]} 1. c4 e5 2. Nc3 b6 3. Nf3 Nc6 4. g3 Bb7 5. Bg2 d6 6. O-O {A25: English Opening vs King's Indian with ...Nc6 but without early d3} Nge7 (6... Nf6 7. e3 Be7 8. d4 O-O 9. Qa4 Qc8 10. Nd5 Re8 11. Nxe7+ Rxe7 12. b4 e4 13. Nd2 {1-0 (55) Sanchez,S (2397)-Martinez,J (2166) Bogota 2014}) 7. d4 Nxd4 8. Nxd4 {White is better.} Bxg2 9. Kxg2 {Hoping for Nc2.} exd4 10. Qxd4 Qd7 11. Nd5 $146 ({Predecessor:} 11. b3 Nc6 12. Qe4+ Be7 13. Nd5 O-O 14. Nxe7+ Nxe7 {½-½ (14) Perik,A (1814)-Skrobak,P (1808) Valasska Bystrice 2015}) 11... O-O-O 12. a4 {[%cal Ba2a4,Ba4a5][%mdl 32]} Nc6 13. Qc3 Qg4 $2 (13... a5 $16) 14. Be3 Ne5 $2 (14... a5 {was called for.} 15. Qb3 Nd4 16. Bxd4 Qxd4) 15. a5 $18 Qxc4 16. Qxc4 Nxc4 {[#]} 17. axb6 $1 Nxb6 18. Bxb6 axb6 19. Ra7 g6 $2 (19... Kd7 20. Rc1 Ke6) 20. Rc1 c5 (20... Rd7 $18 21. Nxb6+ (21. Nxc7 Kb8 $14) 21... Kb8 22. Ra8+ Kb7 23. Rxf8 Rxf8 24. Nxd7 Re8) 21. Nxb6+ Kb8 22. Rxf7 (22. Rca1 $142 f5 23. Rf7 Be7 24. Rxe7 Rd7 25. Rxd7 h6 26. Ra8#) 22... Re8 23. Ra1 {[%csl Gb6][%cal Ra1a8]} Be7 24. Ra8+ Kc7 {[#]} 25. Rxe7+ $1 {[%mdl 512]} Rxe7 {[%mdl 4096] Endgame KRR-KRN} 26. Nd5+ ({Weaker is} 26. Rxh8 Kxb6 27. Kf3 Rb7 $14) 26... Kb7 27. Rxh8 Rxe2 28. Rxh7+ {KRN-KR} Kc6 29. Ne7+ Kb6 30. Nxg6 Rxb2 31. Nf4 c4 32. h4 {[%cal Bh2h4,Bh4h5,Bh5h6][%mdl 32]} Kc6 33. Rh8 Kc5 34. h5 Rb7 35. h6 Kd4 36. Rd8 Rh7 37. Rxd6+ Kc5 38. Rd5+ Kb4 39. Rh5 c3 40. Nd5+ {Precision: White = 80%, Black = 44%.} 1-0

[Event "54th Rubinstein Memorial-A 2018"]
[Site "Polanica-Zdroj"]
[Date "2018.08.25"]
[Round "8"]
[White "Wisniewski, Michal"]
[Black "Okrucinski, Tadeusz"]
[Result "1-0"]
[WhiteElo "2122"]
[BlackElo "2182"]
[Annotator "TA"]
[PlyCount "77"]
[EventDate "2018.08.18"]
[EventType "swiss"]
[EventCountry "POL"]
[SourceTitle "playchess.com"]
[Source "ChessBase"]
[SourceQuality "1"]

{[%evp 13,77,18,18,-14,0,0,0,0,13,20,22,9,0,-3,19,4,19,11,8,0,0,0,0,-22,25,24,20,34,47,42,44,43,58,52,75,70,152,153,133,129,195,62,74,46,46,38,42,40,93,42,76,53,441,416,570,568,544,523,12829,12829,12838,12839,12839,12839,29986,29986]} 1. e4 c5 2. Nf3 g6 3. d4 Bg7 4. dxc5 Qa5+ 5. c3 Qxc5 6. Be3 Qc7 7. h3 d6 {LiveBook: 10 Games. B27: Sicilian: 2 Nf3, unusual Black 2nd moves} 8. Bd4 $146 ({Predecessor:} 8. Bd3 Nf6 9. O-O Nbd7 10. c4 O-O 11. Nc3 a6 12. Rc1 e6 13. Nd4 b6 14. b4 Bb7 15. Qe2 Rac8 16. f4 Qb8 {0-1 (42) Khalafova,N (2255)-Iturrizaga Bonelli,E (2673) Sharjah 2017}) 8... Nf6 9. e5 dxe5 {The position is equal.} 10. Bxe5 Qd7 11. Nbd2 O-O 12. Be2 Nc6 13. Bh2 b6 14. O-O Bb7 15. Nc4 Rad8 16. Qxd7 Nxd7 {[%cal Bf6d7,Bd7c5,Bc5e4][%mdl 32]} 17. a4 Nc5 18. Ra3 Ne4 19. Re1 Ba8 20. Bf1 Nb8 21. Nce5 Nd7 22. a5 {aiming for axb6.} Nxe5 23. Bxe5 Nd2 24. Nxd2 Bxe5 (24... Rxd2 $14 25. Bxg7 Kxg7) 25. Rxe5 $16 Rxd2 26. Rxe7 Rxb2 {[#]} (26... bxa5 $16 {is a better defense.} 27. Rxa5 (27. Rxa7 Rxb2 28. R3xa5 Bb7 $16) 27... Rxb2) 27. axb6 ({Resist} 27. Rxa7 bxa5 28. R3xa5 Bb7 $16) (27. a6 $1 $18) 27... Rxb6 $14 28. Raxa7 {Hoping for Bc4.} Bd5 $1 29. Kh2 Be6 30. Rac7 Rb1 (30... Rb2 $14) 31. Bd3 (31. Bc4 $16 Bxc4 32. Rxc4) 31... Rc1 32. Bb5 $36 {[%mdl 2048] White has some pressure.} Rb8 $2 {[%mdl 8192]} (32... Rc2 $14) 33. Be8 $18 Rb3 34. Bxf7+ Bxf7 35. Rxf7 Rbxc3 36. Rg7+ Kf8 37. Rcf7+ Ke8 38. Rxh7 {[#] Intending Ra7 and mate.} Rc8 39. Rb7 {Precision: White = 54%, Black = 39%.} 1-0

[Event "54th Rubinstein Memorial-A 2018"]
[Site "Polanica-Zdroj"]
[Date "2018.08.25"]
[Round "8"]
[White "Mika, Tomasz"]
[Black "Manik, Mikulas"]
[Result "0-1"]
[WhiteElo "2120"]
[BlackElo "2408"]
[Annotator "TA"]
[PlyCount "46"]
[EventDate "2018.08.18"]
[EventType "swiss"]
[EventCountry "POL"]
[SourceTitle "playchess.com"]
[Source "ChessBase"]
[SourceQuality "1"]

{[%evp 16,46,-43,-48,-45,-47,-54,-48,-61,-153,-147,-155,-129,-139,-138,-238,-202,-219,-212,-205,-212,-208,-214,-215,-136,-149,-86,-193,-172,-760,-735,-795,-776]} 1. d4 Nf6 2. Bf4 c5 3. d5 d6 4. Nc3 g6 5. e4 Bg7 6. Nf3 O-O {A43: Schmid Benoni} (6... Qb6 7. Bb5+ Bd7 8. a4 a6 9. a5 Qd8 10. Be2 b5 11. axb6 Qxb6 12. Rb1 Bb5 13. O-O Nbd7 14. Re1 {0-1 (49) Caruana,F (2816)-Nakamura,H (2769) Paris 2018}) 7. Be2 b5 8. Bxb5 Nxe4 9. Nxe4 {[#] LiveBook: 3 Games. Threatens to win with 0-0.} Qa5+ 10. Nc3 Bxc3+ 11. bxc3 {Hoping for Rb1.} Qxb5 12. h4 $146 (12. Nd2 $15) ({Predecessor:} 12. Nd2 Nd7 13. c4 Qa4 14. O-O {1-0 (63) Gal,J (2347)-Glatt,G (2299) Hungary 2005}) 12... Qc4 $17 13. Qd2 Nd7 {[%cal Bb8d7,Bd7f6,Bf6e4,Be4c3][%mdl 32]} 14. h5 {intending Bh6.} Nf6 15. Rd1 (15. hxg6 $17 fxg6 16. Bh6) 15... Ne4 ({Don't play} 15... Nxh5 16. Bh6 $17) 16. Qd3 Qxc3+ 17. Qxc3 Nxc3 18. Rd3 Nxa2 19. c3 a5 20. Re3 Ra7 ({Better is} 20... a4 {Strongly threatening ...a3.} 21. Rxe7 Nxc3 22. Bxd6 Bf5 23. hxg6 Bxg6) 21. Kd2 (21. O-O $17 {was worth a try.}) 21... Rb7 22. Ne1 $2 {[#]} (22. Ra1 Rb2+ 23. Ke1) 22... Rb2+ $19 23. Kd1 Bd7 {Precision: White = 39%, Black = 50%.} 0-1

[Event "54th Rubinstein Memorial-A 2018"]
[Site "Polanica-Zdroj"]
[Date "2018.08.25"]
[Round "8"]
[White "Bilczewski, Kacper"]
[Black "Sanz Wawer, Daniel"]
[Result "0-1"]
[WhiteElo "2089"]
[BlackElo "2180"]
[Annotator "TA"]
[PlyCount "84"]
[EventDate "2018.08.18"]
[EventType "swiss"]
[EventCountry "POL"]
[SourceTitle "playchess.com"]
[Source "ChessBase"]
[SourceQuality "1"]

{[%evp 19,84,0,0,-21,-22,-43,-33,-34,-12,-140,-131,-139,-134,-377,-383,-374,-290,-281,-188,-268,-262,-260,-268,-267,-264,-267,-252,-252,-245,-245,-243,-238,-241,-239,-217,-299,-292,-284,-283,-285,-287,-285,-284,-308,-308,-316,-286,-314,-308,-308,-306,-308,-308,-313,-307,-312,-275,-300,-298,-352,-339,-333,-332,-431,-415,-415,-357]} 1. e4 c6 2. d4 d5 3. Nc3 dxe4 4. Nxe4 Bf5 5. Ng3 Bg6 6. Nh3 Nf6 7. Nf4 e5 8. Nxg6 hxg6 9. Be3 {B18: Classical Caro-Kann: 4...Bf5 sidelines} (9. dxe5 Qa5+ 10. Bd2 Qxe5+ 11. Qe2 Nbd7 12. Qxe5+ Nxe5 13. f4 Ned7 14. O-O-O Bc5 15. Re1+ Kf8 16. Bd3 Re8 17. Rxe8+ Kxe8 18. h3 Bf2 19. Ne4 Nxe4 20. Bxe4 {½-½ (33) Mista,A (2588)-Miton,K (2612) Germany 2017}) 9... Nbd7 10. dxe5 Qa5+ {LiveBook: 6 Games} 11. Bd2 {The position is equal.} Qxe5+ 12. Qe2 O-O-O $146 ({Predecessor:} 12... Bd6 13. Bc3 Qxe2+ 14. Bxe2 Bxg3 15. fxg3 Ne4 16. O-O Nxc3 17. bxc3 {0-1 (60) Bachner,K (1927)-Tamele,D (1859) Marz 2013}) 13. O-O-O Bc5 14. Qf3 {[#]} (14. Qxe5 $11 {keeps the balance.} Nxe5 15. f3) 14... Qe6 $1 $17 {[%cal Re6a2]} 15. Kb1 Ne5 $36 {[%mdl 2048] Black is really pushing.} 16. Qf4 $2 (16. Qc3 $17 Bd4 17. Qb4) 16... Rd4 $19 17. Qe3 Rhd8 18. Be2 Qd5 {aiming for ...Nfg4.} 19. Bc1 (19. Qg5 $142) 19... Rxd1 20. Rxd1 Bxe3 21. Rxd5 Nxd5 22. fxe3 Re8 23. c4 Nf6 24. h3 Ned7 25. Bf3 Nc5 26. Kc2 Nce4 27. Ne2 Ng5 28. Nd4 Nxf3 29. Nxf3 {[%mdl 4096] Endgame KRN-KBN} Ne4 30. b3 g5 31. Bb2 f6 32. Nd4 g6 33. Kd3 {[#]} g4 $1 34. hxg4 Nf2+ 35. Ke2 Nxg4 36. Nc2 Kd7 37. Bd4 a6 {[%cal Ba7a6,Ba6a5][%mdl 32]} 38. Nb4 Ne5 39. Bc5 a5 40. Nc2 {[#]} a4 $1 41. Nd4 (41. bxa4 Ra8) 41... axb3 42. axb3 Ra8 {Precision: White = 42%, Black = 81%.} 0-1

[Event "54th Rubinstein Memorial-A 2018"]
[Site "Polanica-Zdroj"]
[Date "2018.08.26"]
[Round "9"]
[White "Frolov, Artur"]
[Black "Lewtak, Damian"]
[Result "1-0"]
[WhiteElo "2420"]
[BlackElo "2369"]
[Annotator "TA"]
[PlyCount "113"]
[EventDate "2018.08.18"]
[EventType "swiss"]
[EventCountry "POL"]
[SourceTitle "playchess.com"]
[Source "ChessBase"]
[SourceQuality "1"]

{[%evp 26,113,6,6,14,0,0,0,0,0,37,25,8,23,42,35,89,92,106,106,98,100,95,110,108,106,146,146,144,145,131,125,119,106,188,188,215,215,215,215,208,201,188,189,192,176,268,262,394,358,420,414,406,339,337,341,421,404,420,397,485,535,527,520,487,459,677,667,825,812,1308,1241,1238,1200,1067,1003,2108,2151,29977,29977,5691,5431,5206,5072,29984,29985,29984,29985,29991,29991]} 1. d4 Nf6 2. Nf3 g6 3. g3 Bg7 4. Bg2 O-O 5. O-O d5 6. c4 c6 7. cxd5 cxd5 8. Ne5 Ng4 9. Nxg4 Bxg4 10. Nc3 Nc6 11. h3 Be6 12. e3 {D79: Fianchetto Grünfeld: Symmetrical Variation (6 0-0 c6 7 cxd5 cxd5)} (12. e4 Nxd4 13. exd5 Bf5 14. Bg5 Qb6 15. Be3 e5 16. dxe6 Bxe6 17. Qa4 Rfd8 18. Rad1 Qxb2 19. Rxd4 Qxc3 20. Rxd8+ Rxd8 21. Qxa7 {½-½ (30) Vajda,L (2579)-Markus,R (2617) Budapest 2017}) 12... Qd7 13. Kh2 Rac8 14. Bd2 {LiveBook: 14 Games. The position is equal.} h5 15. f4 Rfd8 $146 ({Predecessor:} 15... Nb4 16. Qb3 Rc4 17. a3 Nc6 18. Qa2 Nb8 19. Rac1 Rfc8 {½-½ (34) Khasin,A (2420)-Epishin,V (2370) Tashkent 1986}) 16. Rf2 Na5 17. b3 b6 18. Qf1 Nb7 19. Rc1 Rc7 20. Qb5 f5 (20... Rc6 $14) 21. Qxd7 $16 Rcxd7 22. Nb5 Nd6 23. Nc7 Kf7 24. Nxd5 Ne4 25. Bxe4 $1 Bxd5 26. Bxd5+ Rxd5 27. Bb4 Bf6 28. h4 a5 29. Ba3 a4 (29... b5 $16 {keeps fighting.} 30. Bc5 Rb8) 30. bxa4 $18 Ra8 {[#]} 31. Bb4 $1 Rxa4 32. a3 Ra7 33. Rfc2 Rdd7 34. Rc6 Rdb7 35. Rc8 Ke6 (35... e6 {was called for.} 36. Rf8+ Kg7) 36. Kg2 Kd7 (36... Bg7 $142 37. R1c6+ Kf7) 37. Rg8 Rc7 38. Rxc7+ Rxc7 39. Rxg6 {[%mdl 4096] Endgame KRB-KRB} Ke6 40. Rg8 Kd5 {[#]} 41. Kf3 $1 Kc4 42. Ke2 Rc6 43. Rb8 Kd5 44. Kd3 {Strongly threatening Rd8+.} Rc1 45. Rxb6 Rg1 (45... Rd1+ $142 46. Bd2 Rg1) 46. Rb5+ Ke6 47. a4 {[%cal Ba3a4,Ba4a5,Ba5a6,Ba6a7][%mdl 32]} Rxg3 48. a5 Rg8 49. d5+ Kf7 50. Rb7 Bxh4 51. a6 Bf6 52. a7 Ra8 53. Bc5 h4 54. Rb8 h3 55. Rxa8 {White mates.} h2 {[#]} 56. Rf8+ $1 Kg6 {[#]} (56... Kxf8 57. a8=Q+) 57. Rxf6+ $1 {Precision: White = 86%, Black = 34%.} 1-0

[Event "54th Rubinstein Memorial-A 2018"]
[Site "Polanica-Zdroj"]
[Date "2018.08.26"]
[Round "9"]
[White "Manik, Mikulas"]
[Black "Sabuk, Piotr"]
[Result "1/2-1/2"]
[WhiteElo "2408"]
[BlackElo "2377"]
[Annotator "ChessBase"]
[PlyCount "50"]
[EventDate "2018.08.18"]
[EventType "swiss"]
[EventCountry "POL"]
[SourceTitle "playchess.com"]
[Source "ChessBase"]
[SourceQuality "1"]
[TimeControl "40/5400+30:1800+30"]

1. e4 {[%emt 0:00:00]} c5 {[%emt 0:00:00]} 2. Nf3 {[%emt 0:00:00]} d6 {[%emt 0:00:00]} 3. d4 {[%emt 0:00:00]} cxd4 {[%emt 0:00:00]} 4. Nxd4 {[%emt 0:00:00]} Nf6 {[%emt 0:00:05]} 5. Nc3 {[%emt 0:00:16]} a6 {[%emt 0:00:07]} 6. Be3 {[%emt 0:00:45]} e5 {[%emt 0:00:19]} 7. Nf3 {[%emt 0:00:10]} Be7 {[%emt 0:03:43]} 8. a4 {[%emt 0:06:23]} O-O {[%emt 0:12:35]} 9. Bc4 {[%emt 0:05:19]} Be6 {[%emt 0:11:51]} 10. Bb3 {[%emt 0:06:27]} Nc6 {[%emt 0:02:37]} 11. Bg5 {[%emt 0:18:43]} Rc8 {[%emt 0:03:46]} 12. Bxf6 {[%emt 0:12:21]} Bxf6 {[%emt 0:00:20]} 13. Nd5 {[%emt 0:00:37]} Bxd5 {[%emt 0:11:56]} 14. Qxd5 {[%emt 0:07:44]} Ne7 {[%emt 0:07:25]} 15. Qd3 {[%emt 0:02:59]} d5 {[%emt 0:11:40]} 16. O-O {[%emt 0:09:27]} d4 {[%emt 0:00:50]} 17. g3 {[%emt 0:05:38]} Nc6 {[%emt 0:04:43]} 18. Qe2 {[%emt 0:04:10]} Qb6 {[%emt 0:05:16]} 19. Rab1 {[%emt 0:00:14]} Rc7 {[%emt 0:03:10]} 20. Ne1 {[%emt 0:01:39]} Rfc8 {[%emt 0:00:51]} 21. Kg2 {[%emt 0:01:15]} Nb4 {[%emt 0:06:03]} 22. Rd1 {[%emt 0:01:22]} Nc6 {[%emt 0:02:37]} 23. Rb1 {[%emt 0:00:21]} Nb4 {[%emt 0:01:46]} 24. Rd1 {[%emt 0:00:07]} Nc6 {[%emt 0:01:02]} 25. Rb1 {[%emt 0:00:09]} Nb4 {[%emt 0:01:20]} 1/2-1/2

[Event "54th Rubinstein Memorial-A 2018"]
[Site "Polanica-Zdroj"]
[Date "2018.08.26"]
[Round "9"]
[White "Cherepov, Alexej"]
[Black "Psyk, Radoslaw"]
[Result "1-0"]
[WhiteElo "2245"]
[BlackElo "2304"]
[Annotator "NA"]
[PlyCount "119"]
[EventDate "2018.08.18"]
[EventType "swiss"]
[EventCountry "POL"]
[SourceTitle "playchess.com"]
[Source "ChessBase"]
[SourceQuality "1"]
[TimeControl "40/5400+30:1800+30"]

1. Nf3 d5 2. g3 c6 3. Bg2 Bg4 4. O-O Nd7 5. d4 e6 6. Nbd2 Ngf6 7. Re1 Bd6 8. e4 dxe4 9. Nxe4 {LiveBook: 57 Games} Nxe4 10. Rxe4 Nf6 {D02: Damenbauernspiele} 11. Re1 O-O 12. c3 Qc7 13. Qb3 {[#]} Rad8 $146 ({Vorgänger:} 13... Nd7 14. Ng5 Nf6 {½-½ (66) Pantsulaia,L (2598)-Shirov,A (2676) Al Ain 2015}) 14. Ne5 Bxe5 15. dxe5 Nd7 16. Qa4 Bh5 17. Qxa7 Nxe5 18. Bf4 f6 19. Qe3 Qf7 20. Bxe5 fxe5 21. a4 Bg6 22. Bf1 Bh5 23. Be2 Rd5 24. a5 Rfd8 25. a6 bxa6 26. Rxa6 Bxe2 27. Rxe2 c5 $1 $11 28. Qe4 Qf5 29. Qe3 Qh3 30. Ra1 c4 31. Rae1 Qf5 32. Kg2 Rd1 33. Rxd1 Rxd1 34. Qxe5 Qxe5 35. Rxe5 Kf7 36. Kf3 Kf6 37. Re4 Rb1 38. Rxc4 Rxb2 39. h4 h5 40. Rc7 g6 41. Ke3 Ke5 (41... Rb5 $16 42. Rc8 Re5+ 43. Kd2 Ra5) 42. Rc5+ Kf6 43. f4 Rg2 44. Rg5 Ra2 45. c4 Ra8 46. Kd4 Rd8+ 47. Kc3 Rg8 48. c5 Ke7 49. Kd4 Rd8+ 50. Ke5 Rc8 51. Kd4 Rg8 52. Ke4 Rc8 53. Kd3 Rg8 54. Kc4 Kd7 55. Kd4 Ke7 56. c6 Kd6 57. Rc5 $18 Kc7 58. Ke5 Rd8 59. Kf6 Rd3 60. Rg5 1-0

[Event "54th Rubinstein Memorial-A 2018"]
[Site "Polanica-Zdroj"]
[Date "2018.08.26"]
[Round "9"]
[White "Kumala, Aleksander"]
[Black "Stachowiak, Kamil"]
[Result "0-1"]
[WhiteElo "2238"]
[BlackElo "2447"]
[Annotator "TA"]
[PlyCount "94"]
[EventDate "2018.08.18"]
[EventType "swiss"]
[EventCountry "POL"]
[SourceTitle "playchess.com"]
[Source "ChessBase"]
[SourceQuality "1"]

{[%evp 17,94,1,4,-8,-6,-5,0,-17,0,0,-5,-5,9,-38,6,-8,-13,-13,-16,-26,-10,-29,11,14,21,13,8,-18,0,0,0,0,29,-247,-247,-247,-247,-237,-237,-239,-232,-237,-247,-266,-246,-272,-232,-326,-304,-332,-329,-423,-398,-508,-518,-493,-401,-744,-726,-656,-644,-1346,-1306,-1073,-1036,-12831,-12831,-12830,-12830,-6444,-633,-6022,-12829,-5152,-4121,-1015,-1015,-1008,-950]} 1. d4 d5 2. Bg5 g6 3. Nd2 Bg7 4. e3 Nf6 5. Bd3 O-O 6. c3 c5 7. Ngf3 Nbd7 8. O-O b6 9. Re1 Bb7 {LiveBook: 9 Games. D03: 1 d4 d5 2 Nf3 Nf6 3 Bg5, including Torre Attack with early ...d5} 10. Qc2 (10. e4 dxe4 11. Nxe4 cxd4 12. Nxd4 Nc5 13. Bxf6 exf6 14. Bc2 f5 15. Nxc5 bxc5 16. Nb3 Qg5 17. f3 Rad8 18. Qe2 c4 19. Nd4 Bxd4+ 20. cxd4 Rxd4 {½-½ (90) Aleksandrov,A (2598)-Matlakov,M (2676) St Petersburg 2013}) 10... Rc8 11. a4 a6 $146 {The position is equal.} ({Predecessor:} 11... c4 12. Bf1 a6 13. Bh4 b5 14. b3 Qc7 15. axb5 axb5 16. Reb1 Ra8 17. Bg3 {0-1 (41) Vitri,S (2132)-Milazzo,M (2010) Trieste 2008}) 12. h3 Re8 13. Rad1 Nh5 14. Nf1 Qc7 15. Qe2 e5 16. Bxa6 Bxa6 17. Qxa6 Ra8 18. Qb5 Ra5 19. Qb3 c4 20. Qc2 $1 e4 21. N3d2 Qc6 22. b3 cxb3 23. Qxb3 Rxa4 24. Rb1 Ra5 (24... h6 {seems wilder.} 25. Bh4 Rc8 26. Be7 Ra5 27. Qb4 Ra4) 25. c4 $2 {[%mdl 8192]} (25. g4 $11 Nhf6 26. Bxf6 Qxf6 27. Ra1) 25... dxc4 $19 26. Qxc4 Qxc4 27. Nxc4 Rxg5 28. Nxb6 Nxb6 29. Rxb6 Ra5 30. Rc1 Nf6 31. Rb7 Nd5 32. Nd2 (32. g4 $142) 32... Bf8 33. g3 Ra2 34. Nf1 Rd8 35. Rc6 Bb4 36. Rc1 Rd6 37. g4 (37. Rb1 $142) 37... Rf6 {Black is clearly winning.} 38. Rb5 {[#]} Nc3 $1 {[%cal Rc3e2]} 39. g5 {Strongly threatening Rxc3.} Rf3 {And now ...Ne2+ would win.} 40. Rb8+ Kg7 {( -> ...Ne2+)} 41. Ng3 {[#]} Rxg3+ $1 42. fxg3 Ne2+ 43. Kf1 Nxg3+ 44. Kg1 {intending Rcc8.} Bd2 {[%cal Rd2e3]} 45. Kf2 Bxc1+ 46. Kxg3 Bxe3 47. Re8 Bxg5 {Precision: White = 33%, Black = 76%.} 0-1

[Event "54th Rubinstein Memorial-A 2018"]
[Site "Polanica-Zdroj"]
[Date "2018.08.26"]
[Round "9"]
[White "Lapaj, Mateusz"]
[Black "Nurkiewicz, Maciej"]
[Result "1/2-1/2"]
[WhiteElo "2198"]
[BlackElo "2371"]
[Annotator "NA"]
[PlyCount "60"]
[EventDate "2018.08.18"]
[EventType "swiss"]
[EventCountry "POL"]
[SourceTitle "playchess.com"]
[Source "ChessBase"]
[SourceQuality "1"]
[TimeControl "40/5400+30:1800+30"]

1. e4 {[%emt 0:00:00]} d5 {[%emt 0:00:00]} 2. exd5 {[%emt 0:00:13]} Qxd5 {[%emt 0:00:00]} 3. Nc3 {[%emt 0:00:04]} Qa5 {[%emt 0:00:04]} 4. d4 {[%emt 0:01:16]} Nf6 {[%emt 0:00:09]} 5. Bc4 {[%emt 0:09:05]} Bf5 {[%emt 0:01:50]} 6. Bd2 {[%emt 0:11:05]} c6 {[%emt 0:00:22]} 7. Nf3 {[%emt 0:04:11]} e6 {[%emt 0:00:53]} 8. Nd5 {[%emt 0:15:06]} Qd8 {[%emt 0:00:11]} 9. Nxf6+ {[%emt 0:00:05] LiveBook: 541 Games} gxf6 {[%emt 0:00:23]} 10. Bc3 {[%emt 0:07:57]} Nd7 {[%emt 0:03:04]} 11. Qe2 {[%emt 0:02:47]} Nb6 $11 {[%emt 0:07:34]} 12. Ba5 {[%emt 0:08:44]} Be7 {[%emt 0:07:17]} 13. O-O-O {[%emt 0:05:53]} Qd6 {[%emt 0:03:20]} 14. Bd3 {[%emt 0:01:12]} Bxd3 {[%emt 0:00:47]} 15. Qxd3 {[%emt 0:01:05]} Qd5 {[%emt 0:02:16]} 16. Bxb6 {[%emt 0:01:15]} axb6 {[%emt 0:00:08]} 17. c4 {[%emt 0:03:33]} Qa5 {[%emt 0:00:26]} 18. a3 {[%emt 0:00:12]} b5 {[%emt 0:12:23]} 19. Rhe1 {[%emt 0:07:13]} bxc4 {[%emt 0:02:43]} 20. Qxc4 {[%emt 0:00:17]} O-O {[%emt 0:00:33]} 21. Rd3 {[%emt 0:03:50]} b5 {[%emt 0:01:40]} 22. Qc2 {[%emt 0:00:02]} b4 {[%emt 0:02:14]} 23. Ne5 {[%emt 0:02:50]} bxa3 {[%emt 0:18:00]} 24. Rg3+ {[%emt 0:00:04]} Kh8 {[%emt 0:00:08]} 25. Qxh7+ {[%emt 0:00:07]} Kxh7 {[%emt 0:00:05]} 26. Rh3+ {[%emt 0:00:03]} Kg7 {[%emt 0:00:08]} 27. Rg3+ {[%emt 0:00:05]} Kh7 {[%emt 0:00:09]} 28. Rh3+ {[%emt 0:00:06]} Kg7 {[%emt 0:00:04]} 29. Rg3+ {[%emt 0:00:03]} Kh7 {[%emt 0:00:07]} 30. Rh3+ {[%emt 0:00:02]} Kg7 1/2-1/2